| 000 -LEADER |
| fixed length control field |
00729cam a22002411 4500 |
| 001 - CONTROL NUMBER |
| control field |
10265416 |
| 005 - DATE AND TIME OF LATEST TRANSACTION |
| control field |
20180220041442.0 |
| 008 - FIXED-LENGTH DATA ELEMENTS--GENERAL INFORMATION |
| fixed length control field |
750408s1955 nyua b 000 0 eng |
| 010 ## - LIBRARY OF CONGRESS CONTROL NUMBER |
| LC control number |
55001102 |
| 015 ## - NATIONAL BIBLIOGRAPHY NUMBER |
| National bibliography number |
GB55-14862 |
| 035 ## - SYSTEM CONTROL NUMBER |
| System control number |
(OCoLC)1261572 |
| 040 ## - CATALOGING SOURCE |
| Original cataloging agency |
DLC |
| Transcribing agency |
OTMC |
| Modifying agency |
OCoLC |
| -- |
Uk |
| -- |
DLC |
| 041 ## - LANGUAGE CODE |
| Language code of text/sound track or separate title |
eng |
| 042 ## - AUTHENTICATION CODE |
| Authentication code |
premarc |
| 080 ## - UNIVERSAL DECIMAL CLASSIFICATION NUMBER |
| Universal Decimal Classification number |
615 |
| 082 ## - DEWEY DECIMAL CLASSIFICATION NUMBER |
| Classification number |
615 GOO |
| 100 1# - Rafti |
| Rafti |
5 |
| 101 ## - Shkurtesa |
| Shkurtesa |
SHF |
| 245 14 - TITLE STATEMENT |
| Title |
The pharmacological basis of therapeutics; |
| Statement of responsibility, etc |
by Louis S. Goodman and Alfred Gilman. |
| 504 ## - BIBLIOGRAPHY, ETC. NOTE |
| Bibliography, etc |
Includes bibliographies. |
| 906 ## - LOCAL DATA ELEMENT F, LDF (RLIN) |
| a |
7 |
| b |
cbc |
| c |
oclcrpl |
| d |
u |
| e |
ncip |
| f |
19 |
| g |
y-gencatlg |
| 942 ## - ADDED ENTRY ELEMENTS (KOHA) |
| Source of classification or shelving scheme |
|
| Item type |
Books |